000 00819nam a22002417a 4500
005 2011082304204.0
008 110823t xxu||||| |||| 00| 0 eng d
010 _aENG-103565
020 _a9788183822480
_c295.00
035 _aEN-87098
037 _bDBAD/PUB
040 _aDPL
_bEng
082 _a338.4791
100 _933301
_aBhatia, A.K.
245 _aTravel & tourism :
_cby A.K. Bhatia
_ban industry facilitator /
260 _aNew Delhi
_bLotus Press
_c2011
270 _a4263/3, Ansari Road, Darya Ganj
_bNew Delhi
_e110002
300 _a272p.
_c22cm (pbk)
650 _933306
700 _933298
942 _2ddc
_cEN
_h338.4791
_mBHA
999 _c55814
_d55814